Normal view
MARC view
Entry Topical Term
001 - CONTROL NUMBER
- control field: 9628
003 - CONTROL NUMBER IDENTIFIER
- control field: ARRUPE
005 - DATE AND TIME OF LATEST TRANSACTION
- control field: 20140328144335.0
008 - FIXED-LENGTH DATA ELEMENTS
- fixed length control field: 140328|| aca||aabn | a|a d
040 ## - CATALOGING SOURCE
- Original cataloging agency: ARRUPE
- Transcribing agency: ARRUPE
150 ## - HEADING--TOPICAL TERM
- Topical term or geographic name as entry element: Christian sociology
- General subdivision: Catholic Church
- Form subdivision: Encyclopedias.
670 ## - SOURCE DATA FOUND
- Source citation: Work cat.: (ARRUPE)0: Coulter, Michael L. 9627, Encyclopedia of Catholic social thought, social science, and social policy /, 2007-2012.